| 000 | 01749nam2a22003131 4500 | ||
|---|---|---|---|
| 001 | rc\112610 | ||
| 005 | 20140313161813.0 | ||
| 010 |
_a5-7516-0029-0 _910000 |
||
| 035 | _a(NLR Aleph) 008769769 | ||
| 090 |
_a7916762 _c7916762 |
||
| 100 | _a20021216d1995 u |0rusy50 ca | ||
| 101 | 0 | _arus | |
| 102 | _aRU | ||
| 105 | _aa ||||||||| | ||
| 200 | 1 |
_aПонедельник начинается в субботу _aСказка о Тройке _eПовести |
|
| 210 | _d1995 | ||
| 215 |
_a316, [3] с. _cил. _d22 |
||
| 320 | _aПубл. повестей, помещ. в томе / Сост. А.Л. Керзин: с. 318 | ||
| 461 | 0 |
_1001rc\112605 _12001#$a[Собрание сочинений]$fАркадий Стругацкий, Борис Стругацкий$g[Вступ. ст. А. Зеркалова$gХудож. В.С. Любаров]$v[Т. 4] _1700#1$3RU\NLR\AUTH\77619$8rus$7ca$aСтругацкий$bА.Н.$f1925-1991$gАркадий Натанович _97906088 _aСтругацкий, А. Н. (1925-1991) _cМ. _d1995- _e[Испр. изд.] _fАркадий Стругацкий, Борис Стругацкий _nТекст _t[Собрание сочинений] _y5-7516-0025-8 _v[Т. 4] |
|
| 500 | 1 | 1 |
_6z01702 _aПонедельник начинается в субботу _2nlr_sh2 |
| 702 | 1 |
_4570 _6z01 _7ca _8rus _aСтругацкий _bА. Н. _f1925-1991 _gАркадий Натанович _9110663 _3RU\NLR\AUTH\77619 |
|
| 702 | 1 |
_4570 _7ca _8rus _aСтругацкий _bБ. Н. _f1933-2012 _gБорис Натанович _9110665 _3RU\NLR\AUTH\77621 |
|
| 801 | 0 |
_aRU _bNLR _gpsbo |
|
| 801 | 1 |
_aRU _bELAR _2rusmarc |
|
| 801 | 2 |
_aRU _bNLR _c20091216 _2rusmarc |
|
| 852 |
_aNLR _j95-3/6967 |
||
| 942 | _cBOOK | ||
| 980 | _aNB | ||